Actos conmemorativos del CL aniversario de su fundación (1802 - 1952) / Casa Provincial de Caridad
Descripción Física:
[6] f. ; 22 cm
MARC
| LEADER | 00000nam a2200000Ia 4500 | ||
|---|---|---|---|
| 001 | 17222 | ||
| 008 | 160829s1952 xx 000 0 cat d | ||
| 080 | |a FU-31-55 | ||
| 110 | |a Casa de Caritat (Barcelona, Catalunya) |9 52406 | ||
| 245 | |a Actos conmemorativos del CL aniversario de su fundación (1802 - 1952) / Casa Provincial de Caridad | ||
| 260 | |a [Barcelona] : |b Casa Provincial de Caridad, |c 1952 | ||
| 300 | |a [6] f. ; |c 22 cm | ||
| 590 | |a Prové de de la Casa de Caritat, exp. 846, caixa 207, i també de Q-275, exp. 60. | ||
| 590 | |a Hi ha un duplicat a: DUP-21-85 | ||
| 610 | 2 | 0 | |a Casa de Caritat (Barcelona, Catalunya) |x Història |9 54320 |
| 710 | |a Casa de Caritat (Barcelona, Catalunya) |9 52406 | ||
| 856 | 4 | |u https://media.diba.cat/diba/fitxers/arxiu/fulletons/bib_17222_baixa.pdf |y Accés lliure | |
| 856 | 4 | |u https://media.diba.cat/diba/fitxers/arxiu/fulletons/bib_17222_baixa.pdf |y Accés lliure | |
| 901 | |a Arxiu | ||
| 942 | |n 1 |2 udc | ||
| 952 | |0 0 |1 0 |4 0 |6 FU3155 |7 1 |9 54647 |a Arxiu |b Arxiu |d 2016-12-01 |l 0 |o FU-31-55 |p 17222 |r 2016-12-01 00:00:00 |w 2016-12-01 |y ARXIU | ||
| 999 | |c 58516 |d 58516 | ||
| 900 | |a bib_17222_baixa.pdf | ||